| 000 | 01239nam a2200373 c 4500 | ||
|---|---|---|---|
| 001 | 52238 | ||
| 003 | ES-MaCES | ||
| 005 | 20250203133828.0 | ||
| 008 | 220422s2021 sp 000 | spa d | ||
| 017 |
_aB 19173-2021 _bDL |
||
| 020 | _a9788418826344 | ||
| 040 |
_aES-MaCES _bspa _cES-MaCES |
||
| 100 | 1 |
_940294 _aRueda, Salvador |
|
| 245 | 1 | 0 |
_aCarta para la planificación ecosistémica de las ciudades y metrópolis _b: carta para el diseño de nuevos desarrollos urbanos y la regeneración de los existentes _cRueda, Salvador |
| 250 | _a1ª ed | ||
| 260 |
_aBarcelona _bIcaria _c2021 |
||
| 300 |
_a133 p. _c30 cm |
||
| 490 | 1 | _aEcología urbana | |
| 541 | _cCompra | ||
| 650 | 4 |
_aciudad _928617 |
|
| 650 | 4 |
_anueva ciudad _928614 |
|
| 650 | 4 |
_azona urbana _928618 |
|
| 650 | 4 |
_aplanificación urbana _928620 |
|
| 650 | 4 |
_adesarrollo urbano _928619 |
|
| 650 | 4 |
_acambio climático _930961 |
|
| 650 | 4 |
_adesarrollo sostenible _930785 |
|
| 650 | 4 |
_acalidad de la vida _929237 |
|
| 650 | 4 |
_asociología urbana _928622 |
|
| 650 | 4 |
_arepertorio de recomendaciones prácticas _929261 |
|
| 653 | 1 | 0 | _aVivienda-Construcción-Urbanismo |
| 830 | 0 |
_aEcologia urbana _940295 |
|
| 902 | _aLIB Libro | ||
| 942 |
_2CES _cBK _h5.2. |
||
| 999 |
_c52238 _d52238 |
||